[Event "GER-ch 74th"]
[Site "Saarbruecken"]
[Date "2002.11.24"]
[Round "3"]
[White "Slobodjan, Roman"]
[Black "Seger, Ruediger"]
[Result "1-0"]
[WhiteElo "2521"]
[BlackElo "2406"]
[EventDate "2002.11.22"]
[PlyCount "85"]

1. e4 c6 2. c4 d5 3. exd5 cxd5 4. cxd5 Nf6 5. Nc3 Nxd5 6. Nf3 Nc6 7. d4 e6 8. Bd3 Be7 9. O-O O-O 10. Re1 Nf6 11. a3 b6 12. Bg5 Bb7 13. Bc2 Rc8 14. Qd3 g6 15. Rad1 Nd5 16. Bh6 Re8 17. Bb3 Na5 18. Ba4 Bc6 19. Bxc6 Nxc6 20. Ne4 Bf8 21. Bxf8 Kxf8 22. Nfg5 h6 23. Nf3 Nf6 24. Nc3 Kg7 25. Ne5 Nd5 26. Ne4 f5 27. Qg3 Nce7 28. Nd2 Nf6 29. Nd3 Ned5 30. Ne5 Ne7 31. Ndc4 Nh5 32. Qf3 Nf6 33. h3 b5 34. Ne3 Nfd5 35. Nd3 Nxe3 36. Rxe3 Nd5 37. Re5 Qd6 38. Rde1 Re7 39. Qg3 Rd8 40. Nc5 Nc7 41. Nb7 Qxd4 42. Nxd8 Qxd8 43. Rc5 1-0

[Event "GER-ch 74th"]
[Site "Saarbruecken"]
[Date "2002.11.24"]
[Round "3"]
[White "Vatter, Hans Joachim"]
[Black "Singer, Christoph"]
[Result "0-1"]
[WhiteElo "2320"]
[BlackElo "2341"]
[EventDate "2002.11.22"]
[PlyCount "80"]

1. d4 d5 2. c4 e6 3. Nc3 Be7 4. cxd5 exd5 5. Bf4 c6 6. e3 Nf6 7. Bd3 O-O 8. h3 Re8 9. Nf3 Nbd7 10. O-O Nf8 11. a3 Ng6 12. Bh2 Bd6 13. Bxd6 Qxd6 14. Qc2 Bd7 15. b4 a6 16. Na4 Rad8 17. Nc5 Bc8 18. Rfc1 Qe7 19. a4 Ne4 20. b5 Nh4 21. Nxh4 Qxh4 22. bxa6 bxa6 23. Bxe4 dxe4 24. Kf1 Rd6 25. Rab1 g5 26. Rb8 f5 27. Rcb1 g4 28. Qc4+ Rd5 29. hxg4 Qh1+ 30. Ke2 Qxg2 31. gxf5 Rf8 32. Ne6 Qf3+ 33. Ke1 Bxe6 34. Rxf8+ Kxf8 35. Rb8+ Kg7 36. fxe6 Rg5 37. Qe2 Qh1+ 38. Kd2 Qh2 39. e7 Qxb8 40. Qc4 Qb2+ 0-1

[Event "GER-ch 74th"]
[Site "Saarbruecken"]
[Date "2002.11.25"]
[Round "4"]
[White "Gisbrecht, Ewgeni"]
[Black "Handke, Florian"]
[Result "1-0"]
[WhiteElo "2414"]
[BlackElo "2504"]
[EventDate "2002.11.22"]
[PlyCount "79"]

1. Nf3 c5 2. c3 Nf6 3. d4 b6 4. Bg5 Bb7 5. Nbd2 e6 6. e3 Be7 7. Bd3 d6 8. O-O h6 9. Bxf6 Bxf6 10. Qe2 Nc6 11. Ba6 Bxa6 12. Qxa6 O-O 13. dxc5 dxc5 14. Rfd1 Qc7 15. a4 Rad8 16. Qe2 Na5 17. Nc4 Qb7 18. Nxa5 bxa5 19. Qb5 Qc7 20. Qc4 Rb8 21. Rd2 Rb6 22. Rc1 Rd8 23. Rxd8+ Qxd8 24. Qxc5 Rxb2 25. g3 Qd3 26. Kg2 Qe4 27. Qc8+ Kh7 28. Qc7 Qxe3 29. Rf1 Kg6 30. h4 h5 31. Qxa5 Bxc3 32. Qc7 Bf6 33. Qc4 Kh7 34. Qc7 Kg8 35. Qc8+ Kh7 36. Qc7 Qe4 37. Qxf7 Qd5 38. Rd1 Qf5 39. Rd7 Kh6 40. Qg8 1-0

[Event "GER-ch 74th"]
[Site "Saarbruecken"]
[Date "2002.11.25"]
[Round "4"]
[White "Gustafsson, Jan"]
[Black "Kritz, Leonid"]
[Result "1/2-1/2"]
[WhiteElo "2554"]
[BlackElo "2476"]
[EventDate "2002.11.22"]
[PlyCount "34"]

1. d4 Nf6 2. c4 e6 3. Nf3 d5 4. Nc3 Bb4 5. cxd5 exd5 6. Bg5 h6 7. Bh4 g5 8. Bg3 Ne4 9. Nd2 Nxc3 10. bxc3 Bxc3 11. Rc1 Bb2 12. Bxc7 Qe7 13. Rb1 Bc3 14. Bxb8 Rxb8 15. Qc2 Bxd2+ 16. Qxd2 Bf5 17. Rb2 O-O 1/2-1/2

[Event "GER-ch 74th"]
[Site "Saarbruecken"]
[Date "2002.11.25"]
[Round "4"]
[White "Jussupow, Artur"]
[Black "Huebner, Robert"]
[Result "1/2-1/2"]
[WhiteElo "2622"]
[BlackElo "2640"]
[EventDate "2002.11.22"]
[PlyCount "37"]

1. d4 d5 2. c4 c6 3. Nc3 Nf6 4. e3 a6 5. Bd3 dxc4 6. Bxc4 e6 7. Nf3 c5 8. Bd3 b5 9. Qe2 Nbd7 10. a4 cxd4 11. exd4 b4 12. Ne4 Bb7 13. Bf4 Nxe4 14. Bxe4 Bxe4 15. Qxe4 Be7 16. Bc7 Qc8 17. O-O O-O 18. Rfc1 Nf6 19. Qc6 1/2-1/2

[Event "GER-ch 74th"]
[Site "Saarbruecken"]
[Date "2002.11.25"]
[Round "4"]
[White "Kalinitschew, Sergey"]
[Black "Dautov, Rustem"]
[Result "0-1"]
[WhiteElo "2485"]
[BlackElo "2617"]
[EventDate "2002.11.22"]
[PlyCount "92"]

1. f4 d5 2. Nf3 g6 3. g3 Bg7 4. Bg2 Nh6 5. d3 d4 6. c3 c5 7. e4 dxe3 8. Bxe3 Nd7 9. O-O O-O 10. Na3 Rb8 11. Nc4 Ng4 12. Bc1 b5 13. h3 bxc4 14. hxg4 cxd3 15. Qxd3 Nb6 16. Qe3 Bxg4 17. Qxc5 Bxf3 18. Bxf3 Qd7 19. Re1 Bf6 20. Rd1 Qh3 21. Qf2 h5 22. Bg2 Qg4 23. Bf3 Qh3 24. Bg2 Qf5 25. Re1 Rfd8 26. Be4 Qg4 27. Bf3 Qh3 28. Bg2 Qf5 29. Be4 Qg4 30. Bf3 Qh3 31. Bg2 Qd7 32. Rb1 Nc4 33. Be3 Nxe3 34. Rxe3 Rb6 35. Rbe1 Rd6 36. R3e2 a5 37. Be4 h4 38. f5 hxg3 39. Qxg3 g5 40. Bc2 Qb5 41. Qh2 Qxb2 42. Bb3 Qxc3 43. Qh5 Qg3+ 44. Kf1 Rd5 45. Bxd5 Rxd5 46. Rf2 Bd4 0-1

[Event "GER-ch 74th"]
[Site "Saarbruecken"]
[Date "2002.11.25"]
[Round "4"]
[White "Kersten, Uwe"]
[Black "Mayer, Frank"]
[Result "1-0"]
[WhiteElo "2331"]
[BlackElo "2256"]
[EventDate "2002.11.22"]
[PlyCount "79"]

1. e4 c5 2. Nf3 Nc6 3. Bb5 g6 4. O-O Bg7 5. c3 Nf6 6. Re1 O-O 7. d4 d5 8. e5 Ne4 9. Bxc6 bxc6 10. Nbd2 Nxd2 11. Nxd2 f6 12. exf6 Bxf6 13. Nb3 cxd4 14. cxd4 Qd6 15. Bh6 Re8 16. Qd2 e5 17. dxe5 Rxe5 18. Bf4 Rxe1+ 19. Rxe1 Qf8 20. Be5 Bd7 21. Qd4 Bxe5 22. Rxe5 a5 23. Nc5 Bf5 24. h3 Re8 25. f4 h5 26. h4 Kf7 27. a3 Rb8 28. Re2 Re8 29. Re5 Rb8 30. Re3 Re8 31. Kf2 Rxe3 32. Qxe3 Qb8 33. b3 Qd8 34. g3 d4 35. Qd2 d3 36. b4 Qd4+ 37. Kg2 Kf6 38. Kh2 axb4 39. axb4 Be4 40. Qc3 {Winning a piece.} 1-0

[Event "GER-ch 74th"]
[Site "Saarbruecken"]
[Date "2002.11.25"]
[Round "4"]
[White "Langrock, Hannes"]
[Black "Scherer, Max"]
[Result "0-1"]
[WhiteElo "2265"]
[BlackElo "2339"]
[EventDate "2002.11.22"]
[PlyCount "126"]

1. e4 e6 2. d4 b6 3. Bd3 Bb7 4. Nf3 c5 5. c3 Nf6 6. Nbd2 Nc6 7. O-O Be7 8. Re1 Qc7 9. a3 d5 10. e5 Nd7 11. Nf1 h6 12. b4 c4 13. Bc2 O-O-O 14. a4 Kb8 15. Ba3 Nf8 16. Ng3 h5 17. h4 f6 18. Nh2 Bc8 19. b5 Na5 20. Nxh5 Bxa3 21. Rxa3 f5 22. Re3 Qf7 23. Nf4 Rxh4 24. Nh3 f4 25. Re1 Ng6 26. Nf3 Rh6 27. Ra1 Rdh8 28. Kf1 Bd7 29. Ke2 Nh4 30. Nxh4 Rxh4 31. f3 Be8 32. Kd2 g5 33. Nf2 Qg7 34. Kc1 Rh2 35. Rg1 Bg6 36. Kb2 Bf5 37. Bxf5 exf5 38. Qc2 Rf8 39. Nh3 Nb7 40. Rh1 Rxh1 41. Rxh1 Nd8 42. Qd1 Ne6 43. Nf2 Rh8 44. Qa1 Kc8 45. Qb1 Rxh1 46. Qxh1 Qg6 47. Qh8+ Kb7 48. Qh3 a6 49. bxa6+ Kxa6 50. Qh8 Kb7 51. Ka3 g4 52. Qf6 Qg8 53. fxg4 fxg4 54. Qf5 f3 55. g3 Qg5 56. Qxg5 Nxg5 57. Nxg4 Ne4 58. Nh2 f2 59. Nf1 Nxc3 60. Kb4 Ne4 61. g4 Kc6 62. Ka3 c3 63. Ne3 Nd2 0-1

[Event "GER-ch 74th"]
[Site "Saarbruecken"]
[Date "2002.11.25"]
[Round "4"]
[White "Lentrodt, Thomas"]
[Black "Bastian, Herbert"]
[Result "0-1"]
[WhiteElo "2300"]
[BlackElo "2376"]
[EventDate "2002.11.22"]
[PlyCount "204"]

1. d4 Nf6 2. Nf3 g6 3. c4 Bg7 4. Nc3 O-O 5. e4 d6 6. Be2 e5 7. O-O Nc6 8. d5 Ne7 9. Ne1 Ne8 10. Nd3 f5 11. f3 f4 12. g4 h5 13. h3 Bf6 14. Bd2 Kg7 15. Be1 Ng8 16. Kg2 Nh6 17. Rg1 Nf7 18. Bf1 Rh8 19. Kf2 hxg4 20. hxg4 Bh4+ 21. Ke2 Ng5 22. Kd2 Nf6 23. Bg2 Bd7 24. Qe2 Qe7 25. Rh1 Bxe1+ 26. Raxe1 a6 27. b4 Raf8 28. Rxh8 Rxh8 29. Rh1 Qf8 30. Qd1 Rxh1 31. Qxh1 Qh8 32. Qxh8+ Kxh8 33. Nf2 Kg7 34. Kd3 Kf8 35. Nb1 Ke7 36. Nd2 Nfh7 37. Bf1 Kf6 38. Be2 Nf7 39. Nh3 Nhg5 40. Nf2 Ke7 41. Kc3 Kd8 42. Kb3 Kc8 43. a4 Kb8 44. c5 Ka7 45. Nc4 b5 46. cxb6+ cxb6 47. a5 bxa5 48. bxa5 Bb5 49. Nd3 Kb7 50. Kc3 Kc7 51. Na3 Bxd3 52. Kxd3 Nd8 53. Nc4 Nb7 54. Kc3 Nc5 55. Kb4 Nd7 56. Nd2 Nb8 57. Kc3 Nf7 58. Bd1 Kd7 59. Ba4+ Ke7 60. Kd3 Nd8 61. Nc4 Nb7 62. Kc3 Nc5 63. Bc2 Nbd7 64. Kb4 Nb7 65. Ba4 Ndc5 66. Bc2 Kd7 67. Nb6+ Kd8 68. Nc4 Kc7 69. Kc3 Nd7 70. Ba4 Nf6 71. Kb4 Nc5 72. Bc2 Ncd7 73. Ba4 Nc5 74. Bc2 Nb7 75. Ba4 Nd8 76. Kc3 Nf7 77. Nd2 Ng5 78. Bd1 Nd7 79. Be2 Nc5 80. Kc2 Nh3 81. Kd1 Kd7 82. Ke1 Ke7 83. Kf1 Ng5 84. Kg2 Nf7 85. Nc4 Nd8 86. Kf2 Ndb7 87. Kg2 Nb3 88. Bd1 N3xa5 89. Nxa5 Nxa5 90. Be2 g5 91. Bxa6 Kd8 92. Kf2 Kc7 93. Ke2 Kb6 94. Bc8 Kc5 95. Kf2 Kd4 96. Ba6 Kc3 97. Ke2 Nb3 98. Bc8 Nd4+ 99. Kf2 Kd2 100. Bd7 Nc2 101. Bc6 Ne1 102. Bb5 Nd3+ 0-1

[Event "GER-ch 74th"]
[Site "Saarbruecken"]
[Date "2002.11.25"]
[Round "4"]
[White "Mueller, Karsten"]
[Black "Pirrot, Dieter"]
[Result "1/2-1/2"]
[WhiteElo "2518"]
[BlackElo "2421"]
[EventDate "2002.11.22"]
[PlyCount "168"]

1. d4 d5 2. Nf3 Nc6 3. c4 Bg4 4. cxd5 Bxf3 5. gxf3 Qxd5 6. e3 e5 7. Nc3 Bb4 8. Bd2 Bxc3 9. bxc3 Qd6 10. Rb1 O-O-O 11. Qb3 b6 12. Qxf7 Nf6 13. Bh3+ Kb8 14. O-O Rde8 15. Qc4 g5 16. Qc5 Qxc5 17. dxc5 e4 18. cxb6 axb6 19. fxe4 g4 20. Bg2 Ne5 21. f4 gxf3 22. Bxf3 Nxf3+ 23. Rxf3 Rhg8+ 24. Kf1 Ng4 25. Ke2 Nxh2 26. Rf2 Ng4 27. Rf4 Ne5 28. Rh1 Rg2+ 29. Rf2 Rxf2+ 30. Kxf2 Nc4 31. Bc1 Rxe4 32. Rxh7 Ne5 33. Ke2 Ra4 34. a3 Rg4 35. Kf1 Nd3 36. Bd2 Ra4 37. Ke2 Nc5 38. Bc1 Rc4 39. Bd2 Ra4 40. Re7 Rxa3 41. e4 Kb7 42. Bf4 Rxc3 43. Rxc7+ Ka6 44. e5 Rc4 45. Be3 Kb5 46. Kf3 Ne6 47. Rd7 Rh4 48. Rd6 Rh3+ 49. Ke4 Nc5+ 50. Kf4 Kc4 51. e6 Nxe6+ 52. Rxe6 b5 53. Rc6+ Kb3 54. Rb6 b4 55. Bd2 Rh4+ 56. Ke3 Rg4 57. Rb8 Rh4 58. Kd3 Rg4 59. Be1 Rf4 60. Rg8 Kb2 61. Bg3 Rf5 62. Ke4 Rc5 63. Bf2 Rc7 64. Bd4+ Kb3 65. Kd3 Rc6 66. Rg1 Rc8 67. Rb1+ Ka3 68. Bf6 Rc7 69. Be5 Rc6 70. Kd4 Rc2 71. Kd3 Rc6 72. Ke4 Re6 73. Ra1+ Kb3 74. Ra5 Kc4 75. Ra8 b3 76. Rc8+ Kb4 77. Kd4 Rxe5 78. Kxe5 b2 79. Kd4 Kb3 80. Rb8+ Kc2 81. Rc8+ Kb3 82. Rc3+ Ka2 83. Rc2 Ka1 84. Rxb2 Kxb2 1/2-1/2

[Event "GER-ch 74th"]
[Site "Saarbruecken"]
[Date "2002.11.25"]
[Round "4"]
[White "Naiditsch, Arkadij"]
[Black "Slobodjan, Roman"]
[Result "1/2-1/2"]
[WhiteElo "2586"]
[BlackElo "2521"]
[EventDate "2002.11.22"]
[PlyCount "35"]

1. e4 e5 2. Nf3 Nc6 3. Bb5 Nf6 4. O-O Nxe4 5. d4 Nd6 6. Bxc6 dxc6 7. dxe5 Nf5 8. Qxd8+ Kxd8 9. h3 h6 10. Nc3 Ke8 11. g4 Ne7 12. Kg2 Ng6 13. Ne4 Be6 14. Kg3 Rd8 15. Bd2 Be7 16. Rfe1 c5 17. Bc3 Kd7 18. Rad1+ 1/2-1/2

[Event "GER-ch 74th"]
[Site "Saarbruecken"]
[Date "2002.11.25"]
[Round "4"]
[White "Schmidt, Harald"]
[Black "Barmbold, Jens"]
[Result "1-0"]
[WhiteElo "2332"]
[BlackElo "2190"]
[EventDate "2002.11.22"]
[PlyCount "107"]

1. c4 Nc6 2. a3 Nf6 3. Nc3 e5 4. Nf3 Nd4 5. Nxe5 Qe7 6. Nf3 Nxf3+ 7. gxf3 g6 8. d4 Bg7 9. Bg5 c6 10. Ne4 d5 11. cxd5 cxd5 12. Nc3 Qe6 13. e3 O-O 14. Qb3 Bd7 15. Bxf6 Qxf6 16. f4 Rfe8 17. O-O-O g5 18. Rg1 gxf4 19. Qxd5 Rad8 20. Qf3 Kh8 21. e4 Qb6 22. Nd5 Qc6+ 23. Kb1 Bf5 24. Bd3 Rxe4 25. Qg2 Qg6 26. Qf1 Qe6 27. Nc7 Qd7 28. Qg2 Qxd4 29. f3 Re2 30. Qxe2 Bxd3+ 31. Rxd3 Qxd3+ 32. Qxd3 Rxd3 33. Re1 Bd4 34. Re8+ Kg7 35. Rd8 Rd2 36. Kc1 Rxb2 37. Rxd4 Rb3 38. Ne8+ Kf8 39. Nd6 Rxa3 40. Rxf4 Ke7 41. Nxf7 Rc3+ 42. Kd2 Ra3 43. h4 b5 44. Ne5 Ke6 45. Nd3 a5 46. Rf8 b4 47. Rb8 Kd5 48. Ke3 Rc3 49. Rb5+ Kc4 50. Rc5+ Kb3 51. Rxa5 Kc2 52. Rc5 b3 53. Rxc3+ Kxc3 54. f4 1-0

[Event "GER-ch 74th"]
[Site "Saarbruecken"]
[Date "2002.11.25"]
[Round "4"]
[White "Schunk, Eduard"]
[Black "Mueller, Matthias"]
[Result "0-1"]
[WhiteElo "2297"]
[BlackElo "2403"]
[EventDate "2002.11.22"]
[PlyCount "106"]

1. e4 e5 2. Nc3 Nf6 3. g3 d5 4. exd5 Nxd5 5. Bg2 Nxc3 6. bxc3 Nc6 7. Ne2 Bc5 8. O-O O-O 9. Rb1 Bb6 10. d3 Ne7 11. c4 c6 12. Ba3 Re8 13. Nc3 f5 14. Qh5 Ng6 15. Na4 Bc7 16. Bh3 Qf6 17. Bc1 b6 18. Nc3 Be6 19. Bg5 Qf7 20. Bg2 Bd7 21. Bd2 Rad8 22. Rbe1 e4 23. dxe4 f4 24. e5 Rxe5 25. Rxe5 Bxe5 26. Ne4 Qf5 27. Qe2 Rf8 28. Qd3 Be6 29. c5 Bc7 30. cxb6 axb6 31. Bc3 f3 32. Bh1 Bxa2 33. Re1 Bd5 34. Re3 Ne5 35. Bxe5 Qxe5 36. Bxf3 Rxf3 37. Rxf3 Qxe4 38. Qxe4 Bxe4 39. Re3 Bd5 40. Re8+ Kf7 41. Rc8 Bd6 42. c4 Bf3 43. Kf1 Bc5 44. Rc7+ Kf6 45. Ke1 Bb4+ 46. Kf1 h5 47. h4 g6 48. Rb7 Bc5 49. Rc7 Ke5 50. Rf7 Bg4 51. Rf4 Bf5 52. Ke2 Bd4 53. Kd2 b5 0-1

[Event "GER-ch 74th"]
[Site "Saarbruecken"]
[Date "2002.11.25"]
[Round "4"]
[White "Schunk, Thomas"]
[Black "Riegler, Dieter"]
[Result "1/2-1/2"]
[WhiteElo "2294"]
[BlackElo "2233"]
[EventDate "2002.11.22"]
[PlyCount "41"]

1. c4 g6 2. Nc3 Bg7 3. g3 Nf6 4. Bg2 O-O 5. e4 d6 6. Nge2 c5 7. d3 Nc6 8. O-O a6 9. h3 Rb8 10. f4 Ne8 11. g4 b5 12. Ng3 e6 13. Kh2 Nd4 14. Rf2 f5 15. exf5 exf5 16. g5 Nc7 17. Be3 Bb7 18. Qh1 Bxg2 19. Qxg2 Re8 20. Bxd4 Bxd4 21. Re2 1/2-1/2

[Event "GER-ch 74th"]
[Site "Saarbruecken"]
[Date "2002.11.25"]
[Round "4"]
[White "Seger, Ruediger"]
[Black "Holzhaeuer, Mathias"]
[Result "1/2-1/2"]
[WhiteElo "2406"]
[BlackElo "2407"]
[EventDate "2002.11.22"]
[PlyCount "33"]

1. e4 d5 2. exd5 Nf6 3. d4 Bg4 4. f3 Bf5 5. Bb5+ Nbd7 6. c4 e6 7. Ne2 exd5 8. c5 c6 9. Ba4 Be7 10. O-O O-O 11. Nbc3 Qc8 12. Ng3 Bg6 13. Re1 Re8 14. Bf4 b6 15. cxb6 Nxb6 16. Rb1 Qb7 17. Bc2 1/2-1/2

[Event "GER-ch 74th"]
[Site "Saarbruecken"]
[Date "2002.11.25"]
[Round "4"]
[White "Siebrecht, Sebastian"]
[Black "Graf, Alexander"]
[Result "0-1"]
[WhiteElo "2426"]
[BlackElo "2635"]
[EventDate "2002.11.22"]
[PlyCount "72"]

1. Nf3 Nf6 2. g3 d5 3. Bg2 c6 4. O-O Bg4 5. b3 Nbd7 6. Bb2 e6 7. d3 Bd6 8. Nbd2 Qe7 9. a3 O-O 10. Qe1 Bc7 11. Rc1 Rfe8 12. e4 e5 13. h3 Bxf3 14. Nxf3 Bd6 15. b4 a5 16. c3 dxe4 17. dxe4 c5 18. Qe2 cxb4 19. cxb4 axb4 20. axb4 Ra4 21. Rfd1 Rxb4 22. Bc3 Rxe4 23. Qb5 Ba3 24. Rc2 Ra8 25. Ng5 Rea4 26. Bxb7 R8a7 27. Bc6 R4a6 28. Bxd7 Nxd7 29. Nf3 f6 30. Rcd2 Nf8 31. Rd8 Qe6 32. Bb4 Rf7 33. Re8 Rb6 34. Bxa3 Rxb5 35. Rdd8 Qxe8 36. Rxe8 Rb3 0-1

[Event "GER-ch 74th"]
[Site "Saarbruecken"]
[Date "2002.11.25"]
[Round "4"]
[White "Singer, Christoph"]
[Black "Gutman, Lev"]
[Result "0-1"]
[WhiteElo "2341"]
[BlackElo "2476"]
[EventDate "2002.11.22"]
[PlyCount "96"]

1. d4 Nf6 2. Bf4 g6 3. e3 Bg7 4. Nf3 O-O 5. Be2 d6 6. c3 c5 7. dxc5 dxc5 8. Na3 Nc6 9. O-O Be6 10. Nc4 Bd5 11. Nfe5 Qc8 12. Bf3 Rd8 13. Qe2 b5 14. Nd2 Ne8 15. Nxc6 Bxc6 16. Bxc6 Qxc6 17. e4 Nf6 18. f3 c4 19. Rfd1 Rd3 20. Nf1 Rad8 21. Rxd3 cxd3 22. Qf2 a5 23. a3 Nd7 24. Qa7 e5 25. Bg5 Bf8 26. Qf2 f6 27. Be3 Nc5 28. Rd1 Rd7 29. Kh1 Ne6 30. Qd2 h5 31. Qf2 b4 32. cxb4 axb4 33. Rc1 Qb7 34. a4 b3 35. Bb6 Bb4 36. a5 d2 37. Rd1 Qc6 38. Ne3 Nf4 39. Qf1 Nd3 40. Nd5 Nxb2 41. Nxb4 Qc2 42. Nxc2 bxc2 43. Rxd2 Rxd2 44. Be3 Rd1 45. Kg1 Nc4 46. Bc1 Nxa5 47. Kf2 Rxf1+ 48. Kxf1 Nb3 0-1

[Event "GER-ch 74th"]
[Site "Saarbruecken"]
[Date "2002.11.25"]
[Round "4"]
[White "Stewart, Neil"]
[Black "Vatter, Hans Joachim"]
[Result "1/2-1/2"]
[WhiteElo "2388"]
[BlackElo "2320"]
[EventDate "2002.11.22"]
[PlyCount "133"]

1. e4 c5 2. Nc3 g6 3. g3 Bg7 4. Bg2 Nc6 5. d3 d6 6. Be3 Rb8 7. Qd2 b5 8. Nge2 h5 9. f4 Nd4 10. O-O Bg4 11. h3 Nxe2+ 12. Nxe2 Bxe2 13. Qxe2 Bxb2 14. Rab1 Bc3 15. e5 dxe5 16. fxe5 Bxe5 17. Bc6+ Kf8 18. Qf2 Nf6 19. Bxc5 Rc8 20. d4 Bd6 21. Bxd6 Qxd6 22. Bxb5 Rc3 23. Rb3 Rc7 24. Bd3 Kg7 25. c4 Rd8 26. d5 Rf8 27. Re1 Nd7 28. Bf1 Ne5 29. Rd1 Rfc8 30. Qd4 f6 31. Rc1 Rc5 32. Rcc3 R8c7 33. Qe4 Ra5 34. Qd4 Qc5 35. Qxc5 Raxc5 36. Rb8 Kf7 37. Be2 Rxd5 38. cxd5 Rxc3 39. Kf2 Ra3 40. Rb7 Ke8 41. Rb2 Nd3+ 42. Bxd3 Rxd3 43. Rb8+ Kf7 44. Rb7 Rxd5 45. Rxa7 Rd3 46. h4 Ke6 47. a4 Rd7 48. Ra5 Rd5 49. Ra7 Re5 50. a5 Kf5 51. a6 e6 52. Rb7 Ra5 53. a7 e5 54. Rg7 Ke4 55. Rxg6 Ra2+ 56. Kf1 f5 57. Rg5 f4 58. gxf4 exf4 59. Rxh5 Kf3 60. Kg1 Rxa7 61. Rb5 Ra1+ 62. Kh2 Ra2+ 63. Kg1 Ra1+ 64. Kh2 Kf2 65. Rb2+ Kf1 66. h5 Ra5 67. Kh3 1/2-1/2

[Event "GER-ch 74th"]
[Site "Saarbruecken"]
[Date "2002.11.25"]
[Round "4"]
[White "Tabatt, Hendrik"]
[Black "Baramidze, David"]
[Result "1-0"]
[WhiteElo "2222"]
[BlackElo "2390"]
[EventDate "2002.11.22"]
[PlyCount "57"]

1. e4 c5 2. Nf3 Nc6 3. Bb5 g6 4. O-O Bg7 5. Re1 Qc7 6. c3 a6 7. Bxc6 dxc6 8. d3 Nf6 9. Be3 b6 10. a4 Ng4 11. Bg5 Be6 12. a5 b5 13. Nbd2 Rd8 14. h3 h6 15. Bh4 Ne5 16. Nxe5 Bxe5 17. Nf3 Bf4 18. e5 Bf5 19. d4 cxd4 20. cxd4 c5 21. d5 g5 22. Bg3 Bxg3 23. fxg3 Be6 24. Nd4 Bxd5 25. Nf5 Ba8 26. Qe2 Qc6 27. e6 Rh7 28. Nxe7 Qxe6 29. Qc2 1-0

[Event "GER-ch 74th"]
[Site "Saarbruecken"]
[Date "2002.11.25"]
[Round "4"]
[White "Tischbierek, Raj"]
[Black "Zeller, Frank"]
[Result "1-0"]
[WhiteElo "2523"]
[BlackElo "2454"]
[EventDate "2002.11.22"]
[PlyCount "63"]

1. e4 c5 2. Nf3 e6 3. d4 cxd4 4. Nxd4 a6 5. c4 Nf6 6. Nc3 Qc7 7. a3 b6 8. Be3 Bb7 9. f3 Be7 10. Be2 d6 11. O-O O-O 12. Rc1 Nbd7 13. b4 Rac8 14. Qd2 Qb8 15. Na4 Rfe8 16. Kh1 Bd8 17. Rc2 Bc7 18. Bg1 Rcd8 19. Rb1 Ne5 20. Nb2 h5 21. Qg5 Ng6 22. Nd3 h4 23. b5 Qa8 24. bxa6 Qxa6 25. c5 dxc5 26. Nxc5 Qa8 27. Ncxe6 Be5 28. Nxd8 Rxd8 29. Bc4 Bxe4 30. fxe4 Qxe4 31. Nf5 Qxc2 32. Qxg6 1-0

[Event "GER-ch 74th"]
[Site "Saarbruecken"]
[Date "2002.11.26"]
[Round "5"]
[White "Barmbold, Jens"]
[Black "Stewart, Neil"]
[Result "1/2-1/2"]
[WhiteElo "2190"]
[BlackElo "2388"]
[EventDate "2002.11.22"]
[PlyCount "154"]

1. d4 f5 2. g3 Nf6 3. Bg2 g6 4. Nh3 Bg7 5. O-O O-O 6. c3 Nc6 7. Nd2 e6 8. e4 fxe4 9. Nxe4 Nxe4 10. Bxe4 d5 11. Bg2 Kh8 12. f4 Ne7 13. Be3 Qd6 14. Qd2 a5 15. Ng5 b6 16. Bf2 Bd7 17. Rfe1 Rae8 18. Nf3 c5 19. Ne5 Bc8 20. Bf1 c4 21. Bh3 b5 22. Re2 Ng8 23. Ng4 Rf7 24. Rae1 Rb7 25. Bg2 Ree7 26. Ne5 Nf6 27. g4 Ra7 28. Bh4 Kg8 29. Re3 Re8 30. Bxf6 Bxf6 31. g5 Bg7 32. Qf2 Rf8 33. Qh4 Bxe5 34. Rxe5 Raf7 35. Rf1 b4 36. Bh3 Re7 37. Qe1 Rfe8 38. Rf2 Kg7 39. Rfe2 Kf7 40. Qh4 Kg8 41. Qe1 Kf7 42. Bg4 Kf8 43. h4 Rf7 44. Qg3 Kg7 45. h5 Ref8 46. Qh3 gxh5 47. Qxh5 Rxf4 48. Rg2 Qe7 49. Qh6+ Kh8 50. g6 bxc3 51. Bxe6 Qg7 52. Qxg7+ Kxg7 53. gxh7+ Kh6 54. Rh2+ Kg6 55. Bxc8 Rf1+ 56. Kg2 R1f2+ 57. Kg1 cxb2 58. Re6+ Kg7 59. h8=Q+ Rxh8 60. Re7+ Kf6 61. Re6+ Kg7 62. Re7+ Kg6 63. Re6+ Rf6 64. Rg2+ Kf7 65. Rxf6+ Kxf6 66. Rf2+ Kg5 67. Bf5 Rh4 68. Bb1 Rxd4 69. Rxb2 Kf4 70. Kf2 Rd1 71. Bg6 d4 72. a4 Ra1 73. Re2 Rxa4 74. Re4+ Kg5 75. Be8 Ra2+ 76. Ke1 d3 77. Bf7 Re2+ 1/2-1/2

[Event "GER-ch 74th"]
[Site "Saarbruecken"]
[Date "2002.11.26"]
[Round "5"]
[White "Bastian, Herbert"]
[Black "Schunk, Thomas"]
[Result "1/2-1/2"]
[WhiteElo "2376"]
[BlackElo "2294"]
[EventDate "2002.11.22"]
[PlyCount "120"]

1. e4 e5 2. Nf3 d6 3. d4 Nf6 4. Bd3 Nbd7 5. c3 Be7 6. Nbd2 c6 7. O-O O-O 8. Re1 Qc7 9. Nf1 Re8 10. Ng3 g6 11. a4 Bf8 12. a5 Bg7 13. dxe5 dxe5 14. h3 Nc5 15. Bf1 Ne6 16. Be3 Bd7 17. Nd2 c5 18. Nc4 Bc6 19. f3 Red8 20. Qb3 h5 21. h4 Nh7 22. Nh1 Qe7 23. g3 Kh8 24. Bg2 Rd7 25. Nf2 g5 26. hxg5 Nhxg5 27. f4 exf4 28. gxf4 Nh7 29. Rad1 Rg8 30. Rxd7 Bxd7 31. Qxb7 Bh6 32. Rd1 Bxf4 33. Rxd7 Qg5 34. e5 Bxe3 35. Rxf7 Bxf2+ 36. Rxf2 Qg6 37. Nd6 Nd8 38. Qe4 Qg3 39. Nf5 Qg6 40. Qe3 Qg5 41. Qxg5 Nxg5 42. Kh2 Ndf7 43. Bd5 Nxe5 44. Bxg8 Ng4+ 45. Kg2 Nxf2 46. Kxf2 Kxg8 47. Ne7+ Kf7 48. Nc6 a6 49. Nb8 Ke6 50. Nxa6 Kd6 51. Kg3 Kc6 52. Kh4 Ne6 53. Kxh5 Kb5 54. Nb8 Kxa5 55. Kg4 Ka4 56. Kf5 Nc7 57. Nd7 Kb3 58. Ke5 Kxb2 59. c4 Kb3 60. Nb6 Na8 1/2-1/2

[Event "GER-ch 74th"]
[Site "Saarbruecken"]
[Date "2002.11.26"]
[Round "5"]
[White "Bischof, Detlef"]
[Black "Schmidt, Harald"]
[Result "0-1"]
[WhiteElo "2268"]
[BlackElo "2332"]
[EventDate "2002.11.22"]
[PlyCount "48"]

1. d4 d6 2. Nf3 Nf6 3. c4 g6 4. Nc3 Bg7 5. g3 O-O 6. Bg2 Nc6 7. O-O Bd7 8. h3 Qc8 9. Kh2 e5 10. d5 Nd4 11. Ne1 c6 12. e3 Nf5 13. e4 Nd4 14. f4 cxd5 15. fxe5 dxe5 16. Bg5 Nxe4 17. Nxd5 Qxc4 18. Ne3 Qe6 19. h4 h6 20. Bxe4 Qh3+ 21. Kg1 hxg5 22. h5 Qxg3+ 23. N1g2 g4 24. hxg6 fxg6 0-1

[Event "GER-ch 74th"]
[Site "Saarbruecken"]
[Date "2002.11.26"]
[Round "5"]
[White "Bischoff, Klaus"]
[Black "Seger, Ruediger"]
[Result "1-0"]
[WhiteElo "2554"]
[BlackElo "2406"]
[EventDate "2002.11.22"]
[PlyCount "73"]

1. Nf3 Nf6 2. c4 g6 3. Nc3 d5 4. cxd5 Nxd5 5. Qa4+ c6 6. g3 Bg7 7. Bg2 Nb6 8. Qc2 e5 9. d3 O-O 10. O-O Na6 11. a3 Nc7 12. b4 Ne6 13. e3 a6 14. Bb2 Re8 15. Ne4 Qc7 16. Rac1 Bd7 17. Nc5 Rad8 18. Nb3 Bc8 19. Rfd1 f5 20. Nbd2 Qd6 21. Bf1 Nf8 22. e4 Kh8 23. Re1 Be6 24. exf5 Bxf5 25. Ne4 Qc7 26. a4 Bg4 27. Ned2 Qd6 28. Re4 Bf5 29. a5 Nbd7 30. Nc4 Qd5 31. Re3 Re7 32. Rce1 Rde8 33. Bg2 e4 34. Bxg7+ Kxg7 35. Nfd2 Be6 36. Qc3+ Nf6 37. Nxe4 1-0

[Event "GER-ch 74th"]
[Site "Saarbruecken"]
[Date "2002.11.26"]
[Round "5"]
[White "Dautov, Rustem"]
[Black "Naiditsch, Arkadij"]
[Result "1/2-1/2"]
[WhiteElo "2617"]
[BlackElo "2586"]
[EventDate "2002.11.22"]
[PlyCount "141"]

1. d4 Nf6 2. c4 e6 3. Nf3 b6 4. g3 Ba6 5. b3 Bb4+ 6. Bd2 Be7 7. Bg2 c6 8. Bc3 d5 9. Nbd2 Nbd7 10. O-O O-O 11. Re1 Bb7 12. e4 dxe4 13. Nxe4 Nxe4 14. Rxe4 c5 15. Re1 Bf6 16. Qd2 Qc8 17. Rad1 cxd4 18. Bxd4 Bxd4 19. Qxd4 Rd8 20. Qe3 Qc7 21. Rd4 Nf6 22. Red1 Rxd4 23. Qxd4 h6 24. Ne5 Bxg2 25. Kxg2 Rc8 26. b4 Qb7+ 27. Kg1 b5 28. c5 Nd5 29. Rd3 a5 30. a3 axb4 31. axb4 Qa8 32. Rd1 Qa4 33. Rb1 Ra8 34. Qb2 Qa7 35. Nd3 Ne7 36. h4 Rd8 37. Ne5 Qc7 38. Qe2 Nf5 39. Nf3 Ra8 40. Rd1 Ra3 41. Kh2 Rb3 42. Qe4 Rb2 43. Rd2 Rxd2 44. Nxd2 Ne7 45. Qa8+ Kh7 46. Qe4+ Kg8 47. Qd3 Qb7 48. Ne4 Qd5 49. Qxb5 Qxe4 50. Qe8+ Kh7 51. Qxe7 Qf3 52. Kg1 Qd1+ 53. Kg2 Qd5+ 54. Kg1 Qd1+ 55. Kg2 Qd5+ 56. f3 Qd2+ 57. Kh3 Qxb4 58. Qxf7 Qxc5 59. Qxe6 h5 60. Qe4+ g6 61. Kg2 Qa7 62. Qe6 Qb7 63. Qf6 Qd7 64. Qc3 Qa7 65. f4 Qa2+ 66. Kf3 Qd5+ 67. Ke3 Qe6+ 68. Qe5 Qb3+ 69. Kd4 Qxg3 70. Qe7+ Kg8 71. Qe8+ 1/2-1/2